| 000 | 00485 a2200169 4500 | ||
|---|---|---|---|
| 020 | _a0130602469 | ||
| 040 |
_aDLC _bDLC |
||
| 082 | 0 | 0 | _a621.3192 |
| 100 | 1 | _aStanley, William D. | |
| 245 | 1 | 0 |
_aNetwork analysis with applications _cWilliam D. Stanley. |
| 250 | _a4th ed. | ||
| 260 |
_aNew Delhi. : _bPearson Education, _cc2003. |
||
| 300 |
_ax, 662 p. : _bill. ; _c25 cm. + _e1 CD-ROM |
||
| 500 | _aIncludes index. | ||
| 650 | 0 | _aElectric network analysis. | |
| 942 |
_cBK _k621.3192 _2ddc |
||
| 999 |
_c7903 _d7903 |
||